A valuation of property in Rickinghall Inferior (Record no. 116586)

MARC details
000 -LEADER
fixed length control field 00783ctm a22002055a 4500
001 - CONTROL NUMBER
control field L141096
008 - FIXED-LENGTH DATA ELEMENTS--GENERAL INFORMATION
fixed length control field 071029s1803 xxk eng u
035 ## - SYSTEM CONTROL NUMBER
System control number (Sirsi) u141096
041 0# - LANGUAGE CODE
Language code of text/sound track or separate title eng
245 02 - TITLE STATEMENT
Title A valuation of property in Rickinghall Inferior
Remainder of title December 24 1803
Medium [manuscript]
260 ## - PUBLICATION, DISTRIBUTION, ETC.
Date of publication, distribution, etc. 1803
300 ## - PHYSICAL DESCRIPTION
Extent 1 v.
Dimensions 22 cm.
340 ## - PHYSICAL MEDIUM
Material base and configuration Ink on paper
351 ## - ORGANIZATION AND ARRANGEMENT OF MATERIALS
Hierarchical level Single item
500 ## - GENERAL NOTE
General note Title from cover.Heading on first page reads: 'A valuation of property in the parish of Rickinghall Inferior, Suffolk by the principal inhabitants of the said parish for the overseer to make his future rates by and the assessor his assessments for duty on property'.
500 ## - GENERAL NOTE
General note Presented by Mrs A. Lacy Scott.
651 4# - SUBJECT ADDED ENTRY--GEOGRAPHIC NAME
Geographic name Suffolk
690 ## - LOCAL SUBJECT ADDED ENTRY--TOPICAL TERM (OCLC, RLIN)
Topical term or geographic name as entry element PROPERTY
942 ## - ADDED ENTRY ELEMENTS (KOHA)
Suppress in OPAC 0
Holdings
Withdrawn status Lost status Source of classification or shelving scheme Damaged status Not for loan Home library Current library Shelving location Date acquired Total Checkouts Full call number Barcode Date last seen Copy number Price effective from Koha item type
    Dewey Decimal Classification     London London Basement 29/10/2007   BASEMENT BOX 4 141096-1001 06/08/2019 1 06/08/2019 Archive